| 000 | 01358cam a2200241 4500 | ||
|---|---|---|---|
| 001 | ##L135220 | ||
| 008 | 061005n2006 000 0 eng u | ||
| 035 | _a(Sirsi) u135220 | ||
| 041 | 0 | _aeng | |
| 050 | 0 | 4 | _a346.4104343 $2 18 |
| 100 | 1 | _aCrosby, Neil | |
| 245 | 0 | 0 |
_aCommercial lease reform in the UK _bcan we learn anything from Australia about the awareness of small business tenants? |
| 260 |
_aLondon _bRICS _c2006 |
||
| 520 | _aExamines the ways in which the Australians have addressed the problems associated with small business tenants, including upwards-only rent reviews, confidentiality clauses and dispute resolution. The Australian State Governments have attempted to deal with these issues through legislation or mandatory codes, whereas in the UK voluntary codes of practice have been the method of choice. Looks at the benefits of the Australian approach. | ||
| 590 | _aIKA171006 | ||
| 651 | 4 | _aAUSTRALIA | |
| 690 | _aPROPERTY-COMMERCIAL PROPERTY-LEASEHOLD COMMERCIAL PROPERTY-COMMERCIAL LANDLORD AND TENANT-BUSINESS TENANCIES | ||
| 710 | 2 |
_aRoyal Institution of Chartered Surveyors _94900 |
|
| 710 | 2 |
_aUniversity of Reading _93273 |
|
| 710 | 2 |
_aInvestment Property Forum _92112 |
|
| 856 | 4 | 0 |
_uhttps://www.rics.org/site/scripts/download_info.aspx?downloadID=3088 _zView the item free of charge at www.rics.org.uk... |
| 942 | _n0 | ||
| 999 |
_c105952 _d105952 |
||